000 00877nam a2200253 a 4500
001 000029211
003 DO-SdBNP
005 20250307130342.0
008 110330s1986 dr 000 0 spa d
040 _aDO-SdBNP
_bspa
_cBNPHU
082 _a343.729307
_bR426L, 1985
240 1 0 _a[Leyes, etc.]
245 1 0 _aLegislación económica 1985 /
_cRamón A. Piantini.
260 _aSanto Domingo :
_bCEMYB,
_c1986.
300 _a41 p. ;
_c21 cm.
490 1 _aLegal
590 _aInventariado, 2019/MFF
650 4 _aLeyes
_zRepública Dominicana
_93033
651 4 _aRepública Dominicana
_xCondiciones Económicas
_xLegislación
_922897
710 2 _aCentro de Estudios Monetarios y Bancarios (Santo Domingo, República Dominica)
_bCentro de Estudios Monetarios y Bancarios
_96023
830 0 _aLegal
_96909
910 _aValidado. Control de calidad MFF
942 _2ddc
_cLF2
999 _c28703
_d28703